000
00220nam a2200085Ia 4500
008
170617s9999 xx 000 0 und d
100
_a
Chatwal Gurdeep R
245
0
_a
Instrumental Method of Chimecal Analysis
260
_b
Himalaya Pub
260
_c
2016
999
_c
15623
_d
15623